Normal view
MARC view
- Ardra K
Entry Personal Name
001 - CONTROL NUMBER
- control field: 6230
003 - CONTROL NUMBER IDENTIFIER
- control field: OSt
005 - DATE AND TIME OF LATEST TRANSACTION
- control field: 20240718121255.0
008 - FIXED-LENGTH DATA ELEMENTS
- fixed length control field: 240718|| aca||aabn | a|a d
040 ## - CATALOGING SOURCE
- Original cataloging agency: OSt
- Transcribing agency: OSt
100 ## - HEADING--PERSONAL NAME
- Personal name: Ardra K
670 ## - SOURCE DATA FOUND
- Source citation: Work cat.: (OSt)18095: Angeleena Cathereen Joseph 6228, Automation of alternate wetting and drying method and methane estimation for paddy /, 2024.
